المناهج الفقهية المعاصرة / (Record no. 140190)

MARC details
000 -الفاتح
عناصر البيانات ثابتة الطول 00690cam a2200193 i 4500
005 - تاريخ ووقت آخر معاملة
حقل ضبط 20251208110411.0
008 - عناصر البيانات ثابتة الطول
عناصر البيانات ثابتة الطول 250721s2018 le gr 000 0 ara d
082 14 - رقم تصنيف ديوي العشري
رقم التصنيف 216.1
رقم المادة ع ر ف
100 1# - مدخل رئيسي – اسم شخصي
الاسم الشخصي العرفج، عبد الإلة
علاقة الشخص بالعمل/ دوره مؤلف.
245 10 - بيان العنوان
العنوان المناهج الفقهية المعاصرة /
بيان المسؤولية تاليف د.عبدالاله بن حسين العرفج.
250 ## - بيان الطبعة
بيان الطبعة الطبعه الاولى.
264 1# - بيانات النشر، التوزيع…إلخ
مكان النشر، التوزيع...إلخ بيروت :
اسم الناشر، الموزع...إلخ دار الرياحين،
تاريخ النشر، التوزيع...إلخ 2018.
300 ## - الوصف المادي
عدد الوحدات المكونة للوعاء 494 صفحه.
650 17 - مدخل إضافي بالموضوع - مصطلح موضوعي
مصطلح موضوعي أو اسم جغرافي كعنصر مدخل الفقه الاسلامي.
650 17 - مدخل إضافي بالموضوع - مصطلح موضوعي
مصطلح موضوعي أو اسم جغرافي كعنصر مدخل اصول الفقة.
650 17 - مدخل إضافي بالموضوع - مصطلح موضوعي
مصطلح موضوعي أو اسم جغرافي كعنصر مدخل المذاهب الاسلامية.
942 ## - بيانات إضافية (كوها)
نوع التنصيف Dewey Decimal Classification
نوع المادة (كوها) Books
Holdings
حالة السحب حالة الفقدان مصدر التصنيف حالة التلف غير قابل للإعارة المكتبة الرئيسية المكتبة الحالية موقع الرف تاريخ التزويد الرقم المتسلسل Total Checkouts رقم الإستدعاء الباركود تاريخ آخر ظهور تاريخ الفاتورة نوع المادة (كوها)
    Dewey Decimal Classification     المكتبة المركزية المكتبة المركزية الإعارة 28/07/2025 1717505   216.1 / ع ر ف PLD00460026 28/07/2025 28/07/2025 Books
    Dewey Decimal Classification     مكتبة أبو علندا العامة مكتبة أبو علندا العامة الإعارة 20/08/2019 1717506   216.1/عرف PLD00463273 28/07/2025 20/08/2019 Books
    Dewey Decimal Classification     مكتبة الجويدة مكتبة الجويدة الإعارة 20/08/2019 1717508   216.1/عرف PLD00463275 28/07/2025 20/08/2019 Books
    Dewey Decimal Classification     مكتبة صويلح العامة مكتبة صويلح العامة الإعارة 20/08/2019 1717509   216.1/عرف PLD00463276 28/07/2025 20/08/2019 Books
Implemented & Customized by: BBB with SCIT (Smart Chains for Information Technology)

Powered by Koha